Statistiques concernant Anciens noms de pays n°2

Cliquez ici pour prendre le quiz!

Statistiques générales

  • Ce quiz a été pris 94 fois
  • Le résultat moyen est 8 sur 16

Statistiques - réponses

Nom ancien nom maintenant % Correct
ZaireRD Congo
94%
GauleFrance
93%
Sud-Ouest africainNamibie
70%
Ceylan portugaisSri Lanka
66%
Haute-VoltaBurkina Faso
65%
MalayaMalaisie
46%
KampucheaCambodge
45%
Afrique orientale allemandeTanzanie
45%
Côte-de-l'OrGhana
44%
BessarabieMoldavie
40%
BechuanalandBotswana
40%
Soudan françaisMali
35%
Nouvelles-HébridesVanuatu
29%
TranscarpatieUkraine
28%
AnjouanComores
18%
TylosBahreïn
9%

Distribution des résultats

Percentile par nombre de réponses

% des personnes avec chaque résultat

Votre développement - résultats

Vous n’avez pas pris ce quiz